000
00285nam a2200109Ia 4500
008
220204s9999 xx 000 0 und d
082
_a
929 A/Z(JOH)
_b
BOS
100
_a
Boswell, James
245
0
_a
Life of Samuel Johnson
260
_a
Chicago
_b
Encyclopedia Britanica
_c
1952
942
_c
BK
999
_c
36171
_d
36171